Debut Novels #2 - Statistics

General Stats
  • This quiz has been taken 30 times
  • The average score is 6 of 10
Answer Stats
Writer Debut Novel % Correct
L. Frank Baum (1900) The Wonderful Wizard of Oz
85%
Stephen King (1974) Carrie
81%
Robert Louis Stevenson (1883) Treasure Island
81%
Ken Kesey (1962) One Flew Over the Cuckoo's Nest
59%
Khaled Hosseini (2000) The Kite Runner
59%
Charles Dickens (1837) Pickwick Papers
56%
Umberto Eco (1980) The Name of the Rose
56%
Raymond Chandler (1939) The Big Sleep
44%
Nicholas Sparks (1996) The Notebook
44%
Agatha Christie (1920) The Mysterious Affair at Styles
19%
No matching quizzes found
Score Distribution
Percent of People with Each Score
Percentile by Number Answered
Your Score History
You have not taken this quiz